|
|
แสดงรายละเอียดบรรณานุกรม |
|
|
Brief Record
: Get Marc (ISO 2709)
: E-mail record
: |
|
|
| LEADER 00000nam 2200000uu 4500 | |||
| 008 130207s2554||||th 000 0 tha d | |||
| 041 0 ^atha | |||
| 090 ^aVCD 000285 | |||
| 100 0 ^aพันจันทร์ ธนวัฒนเสถียร. | |||
| 245 00 ^aวีซีดี เรื่อง เลือกซื้อและใช้งาน Notebook + โปรแกรมใช้งานที่ควรมีสำหรับผู้เริ่มต้น./^bพันจันทร์ ธนวัฒนเสถียร. | |||
| 260 ^aกรุงเทพฯ : ^bธนาเพรส,^c2554 | |||
| 300 ^aCD-ROM จำนวน 1 แผ่น | |||
| 650 0 ^aโปรแกรมโน้ตบุ๊คส์ | |||
| 650 0 ^aแล็ปท็อปคอมพิวเตอร์ | |||
| 999 ^aใช้งานได้ทุกระบบ | |||
| คุณยังไม่ได้ล็อกอิน คุณสามารถมีกิจกรรมร่วมกับเว็บไซต์ได้ แต่ต้องล็อกอินก่อน :: |
|
| สถานะ | |||||||||
| 1. | สื่อวีดิทัศน์ | VCD 000285 2554 ฉ.3 | On Shelf ขอยืม | ||||||
| 2. | สื่อวีดิทัศน์ | VCD 000285 2554 ฉ.4 | On Shelf ขอยืม | ||||||
| 3. | สื่อวีดิทัศน์ | VCD 000285 2554 ฉ.5 | On Shelf ขอยืม | ||||||
| 4. | สื่อวีดิทัศน์ | VCD 000285 2554 | On Shelf ขอยืม | ||||||
| 5. | สื่อวีดิทัศน์ | VCD 000285 2554 ฉ.2 | On Shelf ขอยืม | ||||||
| [แสดง 5/5 รายการ] | |||||||||
| รายการใกล้เคียง หัวเรื่อง [แล็ปท็อปคอมพิวเตอร์] |
BibComment |
| คอมเมนท์ทรัพยากรรายการนี้ |
|
|